Jako pták na drátě

Titel: Jako pták na drátě / Martin Fendrych
Verfasser:
Ausgabe: Vyd. 1.
Veröffentlicht: Praha : Torst, 1998
Umfang: 456 S.
Format: Buch
Sprache: Tschechisch
RVK-Notation:
Schlagworte:
ISBN: 8072150545
Buchumschlag
X
Lokale Klassifikation: 23 10 F
alg: 6036948
001A    $00004:03-11-98 
001B    $01999:12-05-23 $t21:34:25.000 
001C    $06002:04-03-06 $t14:17:38.000 
001D    $01999:18-11-99 
001U    $0utf8 
001X    $00 
002@    $0Aay 
003@    $0060369485 
003O    $040307164 $aOCoLC 
004A    $080-7215-054-5 
007A    $0060369485 $aHEB 
010@    $acze 
011@    $a1998 
021A    $aJako pták na drátě $hMartin Fendrych 
028A    $D20220215 $Ecgwrk $7121180417 $8Fendrych, Martin$Z1957- [Tp1] $9088047016 
032@    $aVyd. 1. 
033A    $pPraha $nTorst 
034D    $a456 S. 
044K    $7121180417 $8Fendrych, Martin$Z1957- [Tp1] $9088047016 
045F    $a800 $eDDC23BSB 
045F/01 $a800 
045F/03 $g4371 
045Z    $8KS 9990 [Tkv] $9409338060 

lok: 6036948 24
101B    $005-12-02 $t20:00:36.253 
101C    $018-05-99 
145Z/01 $a23 10 F 
101U    $0utf8 

exp: 6036948 24 1 #EPN
201B/01 $021-12-02 $t14:13:39.000 
201C/01 $018-05-99 
203@/01 $0133423867 
208@/01 $a18-05-99 $bz 
209A/01 $a98.5080 $du $f050 $h98 5080 $x00 
209C/01 $a98.5080 K $h98 5080 K 
209G/01 $a70146029 $x00 
247C/01 $8358050-7 Marburg, Bibliothek des Herder-Instituts Marburg $9102600961 
201U/01 $0utf8 

lok: 6036948 204

exp: 6036948 204 1 #EPN
201B/01 $012-10-06 $t08:15:28.000 
201C/01 $003-11-98 
203@/01 $0125646585 
208@/01 $a09-12-98 $bz 
209A/01 $aMSla Ek 420 $du $f000 $x00 
209C/01 $aMRSLA (57 542) $hMRSLA 57 542 
245S/01 $a21000 $x01 
247C/01 $8631000-x <26>Gießen, Universität Gießen, Universitätsbibliothek Gießen $9102596697 
201U/01 $0utf8
LEADER 00000cam a22000002c 4500
001 060369485
003 DE-603
005 20230512213425.0
007 tu
008 981103s1998 xx |||| | u00||u|cze c
020 |a 8072150545 
035 |a (DE-599)HEB060369485 
035 |a (OCoLC)40307164 
040 |a DE-603  |b ger  |c DE-603  |d DE-603 
041 |a cze 
082 0 4 |8 1\u  |a 800  |q DE-101  |2 23/BSB 
084 |a KS 9990  |0 (DE-625)84916:  |0 (DE-603)409338060  |2 rvk 
085 |8 1\u  |b 800 
085 |8 1\u  |z 2  |s 4371 
100 1 |a Fendrych, Martin  |d 1957-  |0 (DE-603)088047016  |0 (DE-588)121180417  |2 gnd 
245 0 0 |a Jako pták na drátě  |c Martin Fendrych 
250 |a Vyd. 1. 
264 1 |a Praha  |b Torst  |c 1998 
300 |a 456 S. 
600 1 7 |a Fendrych, Martin  |d 1957-  |0 (DE-588)121180417  |0 (DE-603)088047016  |2 gnd 
924 0 |9 Mb 50  |a (DE-603)133423867  |b DE-Mb50  |c HES  |d c  |g 98.5080 
924 0 |9 26  |a (DE-603)125646585  |b DE-26  |c HES  |d c  |g MSla Ek 420